| 000 | 00931cab a2200265 4500 | ||
|---|---|---|---|
| 001 | ABS53171 | ||
| 008 | 090401t1995 xxu||||| |||| 00| 0 eng d | ||
| 035 | _a(Sirsi) u2511 | ||
| 041 | _aeng | ||
| 100 | _aSpencer, K. | ||
| 245 | _aNo need to pay on demand | ||
| 260 | _c1995 | ||
| 350 | _a0 | ||
| 490 |
_aBuilding _v260(7902) 28 July 1995, 39(1) |
||
| 520 | _aDiscusses "Trafalgar House Construction (Regions) Ltd v General Surety & Guarantee Co Ltd" (HL) on performance bonds (See Abs 00000.) and its implications for all main contractors and subscontractors. | ||
| 650 | _aBUILT ENVIRONMENT-BUILDING CONTRACT FORMS | ||
| 650 | _aGENERAL SURETY AND GUARANTEE CO LTD | ||
| 650 | _aICE FORM OF CONTRACT | ||
| 650 | _aPAY ON DEMAND | ||
| 650 | _aPERFORMANCE BONDS | ||
| 650 | _aTRAFALGAR HOUSE CONSTRUCTION (REGIONS) LTD | ||
| 690 | _aBUILT ENVIRONMENT-BUILDING CONTRACT FORMS | ||
| 942 | _n0 | ||
| 948 | _c04/03/1997 | ||
| 999 |
_c1513 _d1513 |
||